[Event "14 ème Open Noel TOUR du ROY"]
[Site "Charleville"]
[Date "2017.12.26"]
[Round "3.17"]
[White "Decruyenaere, Pierre-Stephane"]
[Black "Flamant, Jacky"]
[Result "0-1"]
[WhiteElo "1255"]
[BlackElo "1587"]
[PlyCount "70"]
[EventDate "2017.??.??"]

1. e4 e6 2. Nc3 d5 3. d4 Bb4 4. Bd3 c5 5. Be3 Nc6 6. Nf3 dxe4 7. Bxe4 cxd4 8.
Bxd4 Nxd4 9. Qxd4 Qxd4 10. Nxd4 Nf6 11. f3 Nxe4 12. fxe4 Bd7 13. O-O-O Bxc3 14.
bxc3 Ke7 15. c4 Rac8 16. c5 Rxc5 17. Nb3 Rc7 18. Rd2 Rhc8 19. Rhd1 e5 20. h3
Be6 21. g4 b6 22. Kb2 a5 23. a4 Rc4 24. Nd4 exd4 25. Rc1 Rxa4 26. Ra1 Rxa1 27.
Kxa1 Rc4 28. Kb2 a4 29. Rd3 b5 30. c3 dxc3+ 31. Rxc3 Rxc3 32. Kxc3 Kd6 33. Kd4
a3 34. Kc3 b4+ 35. Kxb4 a2 0-1

[Event "14 ème Open Noel TOUR du ROY"]
[Site "Charleville"]
[Date "2017.12.26"]
[Round "3.18"]
[White "Vielle, Eric"]
[Black "Calaresu, Tony"]
[Result "0-1"]
[WhiteElo "1250"]
[BlackElo "1344"]
[PlyCount "82"]
[EventDate "2017.??.??"]

1. e4 e5 2. Nf3 Nf6 3. Bc4 Nc6 4. d3 d5 5. exd5 Nxd5 6. Ng5 Be7 7. Qh5 Bxg5 8.
Bxg5 Qd6 9. Nc3 Be6 10. Ne4 Qd7 11. Nc5 Qc8 12. O-O O-O 13. c3 a5 14. Rae1 b6
15. Nxe6 Qxe6 16. d4 Qd6 17. Qh4 Rfe8 18. Qg3 Re6 19. f4 exf4 20. Rxe6 fxe6 21.
Bxf4 Qd7 22. Be5 Nxe5 23. Qxe5 Qd6 24. Qh5 Qd7 25. Bd3 Nf6 26. Rxf6 gxf6 27.
Qg4+ Kh8 28. Qe4 Rg8 29. Bc4 Re8 30. a4 Re7 31. Qa8+ Re8 32. Qf3 Qg7 33. Bb5
Re7 34. Qa8+ Qg8 35. Qf3 Qg5 36. Qh3 c5 37. dxc5 Qxc5+ 38. Kh1 Qf5 39. Qe3 Qb1+
40. Qg1 Qxg1+ 41. Kxg1 e5 0-1

[Event "14 ème Open Noel TOUR du ROY"]
[Site "Charleville"]
[Date "2017.12.26"]
[Round "3.19"]
[White "Boudry, Rik"]
[Black "Picot, Nathan"]
[Result "1-0"]
[WhiteElo "1322"]
[BlackElo "1203"]
[PlyCount "51"]
[EventDate "2017.??.??"]

1. e4 e5 2. Bc4 Nf6 3. d3 Bc5 4. Nc3 a6 5. f4 d6 6. Nf3 Nc6 7. h3 O-O 8. f5 b5
9. Bb3 Na5 10. Bd5 c6 11. Bg5 cxd5 12. Nxd5 h6 13. Bxf6 gxf6 14. b4 Ba7 15.
bxa5 Qxa5+ 16. Nd2 Qd8 17. Qg4+ Kh7 18. Qh4 Kg7 19. Nf1 Bb7 20. Ng3 Qa5+ 21.
Kd1 Rg8 22. Nh5+ Kf8 23. g4 Bxd5 24. Nxf6 Be3 25. Qe1 Qxe1+ 26. Rxe1 1-0

[Event "14 ème Open Noel TOUR du ROY"]
[Site "Charleville"]
[Date "2017.12.26"]
[Round "3.20"]
[White "Rolland, Camille"]
[Black "De Andrade, Mathis"]
[Result "1-0"]
[WhiteElo "1153"]
[BlackElo "1299"]
[PlyCount "89"]
[EventDate "2017.??.??"]

1. d4 d5 2. c4 e6 3. Nc3 Nf6 4. Nf3 c6 5. Bf4 Nbd7 6. cxd5 cxd5 7. e3 a6 8. Bd3
Nb6 9. O-O Be7 10. Re1 Bd7 11. e4 Bc6 12. e5 Ne4 13. Nxe4 dxe4 14. Bxe4 Nd5 15.
Bxd5 Bxd5 16. Qa4+ Bc6 17. Qb3 Bd5 18. Qd1 Rc8 19. b3 O-O 20. Be3 Bb4 21. Nd2
Ba3 22. f3 Rc3 23. Nb1 Rc7 24. Nxa3 Qe7 25. Nc2 f5 26. Bf4 Qh4 27. Qd2 Rfc8 28.
Ne3 Qxf4 29. Rad1 Kf7 30. Nxd5 Qxd2 31. Rxd2 exd5 32. g4 fxg4 33. fxg4 Ke6 34.
h4 Rc2 35. Red1 R2c3 36. Kg2 Rf8 37. Rd3 Rc2+ 38. R1d2 Rc1 39. Rf3 Rxf3 40.
Kxf3 Rc3+ 41. Kf4 Rh3 42. h5 h6 43. Rc2 Rh1 44. Rc7 Rf1+ 45. Kg3 1-0

[Event "14 ème Open Noel TOUR du ROY"]
[Site "Charleville"]
[Date "2017.12.26"]
[Round "3.21"]
[White "Toro, Raphael"]
[Black "Cieplucha, Yannis"]
[Result "0-1"]
[WhiteElo "1280"]
[BlackElo "1110"]
[PlyCount "20"]
[EventDate "2017.??.??"]

1. d4 d5 2. Bg5 Nc6 3. e3 h6 4. Bf4 Nf6 5. Nf3 Bg4 6. Nc3 e6 7. Bb5 Qd7 8. O-O
Bd6 9. Bxd6 Qxd6 10. Ne5 Bxd1 0-1

[Event "14 ème Open Noel TOUR du ROY"]
[Site "Charleville"]
[Date "2017.12.26"]
[Round "4.1"]
[White "Loiret, Stanislas"]
[Black "Joie, Sebastien"]
[Result "0-1"]
[WhiteElo "2225"]
[BlackElo "2363"]
[PlyCount "112"]
[EventDate "2017.??.??"]

1. e4 e5 2. Nf3 Nf6 3. Nxe5 d6 4. Nf3 Nxe4 5. d3 Nf6 6. d4 d5 7. Bd3 Bd6 8. O-O
O-O 9. Bg5 Be6 10. Nbd2 Nbd7 11. c3 c5 12. Qc2 h6 13. dxc5 Nxc5 14. Bh4 Rc8 15.
Bh7+ Kh8 16. Bf5 b5 17. a3 Qd7 18. Nd4 Ng8 19. Rae1 a5 20. b4 axb4 21. axb4 Ne4
22. Nxe4 Bxf5 23. Nxf5 Qxf5 24. Qd3 Rc4 25. f3 Bxh2+ 26. Kxh2 dxe4 27. Rxe4
Rfc8 28. g4 Qg6 29. Rc1 Rxe4 30. Qxe4 Qd6+ 31. Kh3 Rc4 32. Qf5 Rf4 33. Bg3 Rxf5
34. Bxd6 Rxf3+ 35. Kg2 Rd3 36. Be5 Rd5 37. Re1 Kh7 38. Kf3 f6 39. Bd4 f5 40.
Re6 fxg4+ 41. Kxg4 h5+ 42. Kh4 Nh6 43. Re5 Rxe5 44. Bxe5 Kg6 45. c4 bxc4 46. b5
Nf5+ (46... Nf7 47. Bc3 Kh6 48. b6 g5+ 49. Kg3 Nd8) 47. Kh3 Ne7 48. b6 Nc6 49.
b7 Kf7 50. Kh4 g6 51. Kg5 Ke6 52. b8=Q Nxb8 53. Bxb8 c3 54. Bf4 c2 55. Kh4 Kd5
56. Kg3 Kc4 0-1

[Event "14 ème Open Noel TOUR du ROY"]
[Site "Charleville"]
[Date "2017.12.26"]
[Round "4.2"]
[White "Monceau, Etienne"]
[Black "Pytel, Krzysztof"]
[Result "1/2-1/2"]
[WhiteElo "1987"]
[BlackElo "2304"]
[PlyCount "121"]
[EventDate "2017.??.??"]

1. d4 f5 2. e4 fxe4 3. Nc3 Nf6 4. Bg5 c6 5. f3 d5 6. fxe4 dxe4 7. Bc4 Nbd7 8.
Nge2 Nb6 9. Bb3 a5 10. a4 Bf5 11. O-O Qd7 12. Rxf5 Qxf5 13. Qd2 Nfd5 14. Ng3
Qd7 15. Ncxe4 e6 16. Nc5 Bxc5 17. dxc5 h6 18. Bh4 Nc7 19. Qf2 Rf8 20. Qe2 Nbd5
21. Ne4 Kf7 22. Rd1 Kg8 23. c4 Nf4 24. Qg4 Qe8 25. Nf6+ Rxf6 26. Bxf6 Ng6 27.
Bc3 e5 28. Bc2 Nf8 29. Qg3 Qe7 30. Bxe5 Qxc5+ 31. Bd4 Qe7 32. Re1 Nce6 33. Bf5
Qd7 34. Bc3 Re8 35. Qe5 Qf7 36. Qxa5 Ng5 37. Rxe8 Qxe8 38. Qe5 Nge6 39. b3 Qd7
40. Bc2 Qd8 41. h3 Qh4 42. c5 Qf4 43. Qxf4 Nxf4 44. Kf2 Nd5 45. Bd2 Ne6 46. b4
Nd4 47. Be4 Nf6 48. Bd3 Kf7 49. Bc3 Ne6 50. Bf5 Nd5 51. Bxe6+ Kxe6 52. Bxg7
Nxb4 53. Bxh6 Nd3+ 54. Ke3 Nxc5 55. g4 Nxa4 56. h4 b5 57. h5 Nb6 58. Kd4 Nd5
59. Bg5 Nf6 60. h6 c5+ 61. Kxc5 1/2-1/2

[Event "14 ème Open Noel TOUR du ROY"]
[Site "Charleville"]
[Date "2017.12.26"]
[Round "4.3"]
[White "Van Malder, Dries"]
[Black "Halfaoui, Eddine"]
[Result "1-0"]
[WhiteElo "2018"]
[BlackElo "2005"]
[PlyCount "55"]
[EventDate "2017.??.??"]

1. d4 d5 2. c4 c6 3. Nf3 Nf6 4. e3 a6 5. Nc3 e6 6. Qc2 Be7 7. b3 Nbd7 8. Bb2
O-O 9. Bd3 c5 10. cxd5 cxd4 11. Nxd4 exd5 12. O-O Nc5 13. Be2 Bd6 14. Rad1 Bg4
15. Nf5 Bxf5 16. Qxf5 Qc7 17. Nxd5 Nxd5 18. Rxd5 Ne6 19. Bd3 Rfd8 20. Qxh7+ Kf8
21. Rc1 Qb6 22. Bc4 Rac8 23. g3 Qc6 24. Rcd1 Ke7 25. Bxg7 b5 26. Qh4+ Ke8 27.
Qh8+ Ke7 28. Bf6+ 1-0

[Event "14 ème Open Noel TOUR du ROY"]
[Site "Charleville"]
[Date "2017.12.26"]
[Round "4.4"]
[White "Hacene, Ahmed"]
[Black "Rouffignac, Tanguy"]
[Result "0-1"]
[WhiteElo "1708"]
[BlackElo "2274"]
[PlyCount "62"]
[EventDate "2017.??.??"]

1. d4 Nf6 2. Bf4 g6 3. c3 Bg7 4. Nf3 O-O 5. e3 d6 6. Bd3 c5 7. O-O Qb6 8. Qc2
Nc6 9. Nbd2 cxd4 10. Nc4 Qc7 11. exd4 Bg4 12. Ncd2 e5 13. dxe5 dxe5 14. Bg3 Nh5
15. Qa4 Nxg3 16. hxg3 Be6 17. Ng5 Qd7 18. Qc2 Rfd8 19. Nxe6 fxe6 20. Qb3 Qxd3
21. Qxe6+ Kh8 22. Nf3 Qd6 23. Qh3 e4 24. Nh4 Kg8 25. Qg4 Ne5 26. Qe2 Qd3 27.
Qe1 Bh6 28. Kh2 Ng4+ 29. Kg1 Rd5 30. c4 Qxc4 31. Rc1 Bxc1 0-1

[Event "14 ème Open Noel TOUR du ROY"]
[Site "Charleville"]
[Date "2017.12.26"]
[Round "4.6"]
[White "Smailovic, Omer"]
[Black "Francois, Gwladys"]
[Result "1-0"]
[WhiteElo "1995"]
[BlackElo "1738"]
[PlyCount "73"]
[EventDate "2017.??.??"]

1. Nf3 Nf6 2. b3 g6 3. Bb2 Bg7 4. d4 O-O 5. e3 d6 6. Bd3 Nbd7 7. h4 c5 8. h5
Nxh5 9. Rxh5 gxh5 10. Ng5 Nf6 11. dxc5 Qa5+ 12. Nd2 Qxc5 13. Bxf6 exf6 14. Nge4
Qe5 15. f4 Qd5 16. Qf3 Kh8 17. Be2 Qc6 18. Qxh5 Be6 19. Bd3 f5 20. Rd1 h6 21.
Ng3 Qxg2 22. Nxf5 Bxf5 23. Qxf5 Qg6 24. Qh3 Qe6 25. f5 Qe5 26. Nc4 Qe7 27. Kf2
Rfe8 28. Rg1 Qf6 29. Nd2 Re5 30. Nf3 Re7 31. Nh2 Rae8 32. Rg3 Qc3 33. Ng4 Qd2+
34. Be2 Kh7 35. f6 Rxe3 36. Nxe3 Bxf6 37. Qf5+ 1-0

[Event "14 ème Open Noel TOUR du ROY"]
[Site "Charleville"]
[Date "2017.12.26"]
[Round "4.7"]
[White "Pytel, Bozena"]
[Black "Louis, Andre"]
[Result "1-0"]
[WhiteElo "1882"]
[BlackElo "1696"]
[PlyCount "61"]
[EventDate "2017.??.??"]

1. Nf3 Nf6 2. d4 d5 3. e3 e6 4. Bd3 Nbd7 5. Nbd2 Be7 6. O-O O-O 7. Re1 Re8 8.
c3 c5 9. Ne5 Nf8 10. Nf1 Bd6 11. Ng3 N6d7 12. f4 f6 13. Nf3 e5 14. dxe5 fxe5
15. Bb5 d4 16. Qb3+ Kh8 17. Ng5 Re7 18. Nf7+ Rxf7 19. Qxf7 Nf6 20. Nh5 Nxh5 21.
Qxh5 Be6 22. fxe5 Be7 23. exd4 cxd4 24. Qe2 Rc8 25. Bd2 a6 26. Bd3 b5 27. a3
Qd7 28. Rf1 dxc3 29. Bxc3 Bg4 30. Qe4 g6 31. e6+ 1-0

[Event "14 ème Open Noel TOUR du ROY"]
[Site "Charleville"]
[Date "2017.12.26"]
[Round "4.8"]
[White "Leclere, Jean-Yves"]
[Black "Fleurentin, Arnaud"]
[Result "1/2-1/2"]
[WhiteElo "1695"]
[BlackElo "1796"]
[PlyCount "61"]
[EventDate "2017.??.??"]

1. e4 d6 2. d4 Nf6 3. f3 g6 4. c4 c5 5. Be3 cxd4 6. Bxd4 Bg7 7. Nc3 Nc6 8. Be3
O-O 9. Nge2 Be6 10. Nf4 Bd7 11. Be2 Rc8 12. Qd2 Ne5 13. b3 Nc6 14. O-O Qa5 15.
Rac1 a6 16. Rfe1 Be6 17. Nfd5 Bxd5 18. Nxd5 Qxd2 19. Bxd2 Nxd5 20. exd5 Ne5 21.
Rc2 Nd7 22. b4 b6 23. a4 a5 24. bxa5 bxa5 25. Rb1 Nc5 26. Rb5 Nxa4 27. Rxa5 Nc5
28. Ra7 Rfe8 29. Rca2 Bf6 30. g4 g5 31. Kg2 1/2-1/2

[Event "14 ème Open Noel TOUR du ROY"]
[Site "Charleville"]
[Date "2017.12.26"]
[Round "4.9"]
[White "Decruyenaere, Robbert"]
[Black "Prioux, Michel"]
[Result "1-0"]
[WhiteElo "1779"]
[BlackElo "1689"]
[PlyCount "28"]
[EventDate "2017.??.??"]

1. e4 c5 2. Nf3 g6 3. d4 cxd4 4. Nxd4 Bg7 5. c4 Nc6 6. Be3 Nf6 7. Nc3 d6 8. Be2
O-O 9. O-O Nxd4 10. Bxd4 a5 11. f3 Be6 12. Qd2 a4 13. Rac1 Qa5 14. Rc2 Rfc8 1-0

[Event "14 ème Open Noel TOUR du ROY"]
[Site "Charleville"]
[Date "2017.12.26"]
[Round "4.10"]
[White "Marini, Franck"]
[Black "Vande Ginste, Michiel"]
[Result "1/2-1/2"]
[WhiteElo "1630"]
[BlackElo "1757"]
[PlyCount "64"]
[EventDate "2017.??.??"]

1. d4 Nf6 2. c4 e6 3. Nc3 Bb4 4. Qc2 Nc6 5. Nf3 d6 6. a3 Bxc3+ 7. Qxc3 O-O 8.
g3 Qe7 9. Bg2 e5 10. O-O exd4 11. Nxd4 Nxd4 12. Qxd4 Qxe2 13. Bg5 Qe5 14. Bxf6
gxf6 15. Rad1 Qxd4 16. Rxd4 Be6 17. b4 a5 18. b5 Rab8 19. Rfd1 b6 20. Rh4 Kg7
21. Rdd4 Bf5 22. Be4 Bg6 23. f4 Bxe4 24. Rxe4 Rbe8 25. f5 Re5 26. Reg4+ Kh8 27.
Rh6 Rg8 28. Rgh4 Rg7 29. Rxf6 Re3 30. Rfh6 f6 31. Rxf6 Rxa3 32. Rf8+ Rg8
1/2-1/2

[Event "14 ème Open Noel TOUR du ROY"]
[Site "Charleville"]
[Date "2017.12.26"]
[Round "4.11"]
[White "Fauchart, Francois"]
[Black "Hoch, Anna"]
[Result "0-1"]
[WhiteElo "1685"]
[BlackElo "1412"]
[PlyCount "108"]
[EventDate "2017.??.??"]

1. d4 Nf6 2. c4 d6 3. Nc3 g6 4. e3 Bg7 5. Be2 O-O 6. Nf3 Nc6 7. O-O e5 8. d5
Ne7 9. e4 Ne8 10. b4 f5 11. Bd3 f4 12. Bb2 h6 13. Qc2 g5 14. h3 Ng6 15. Rad1 g4
16. hxg4 Bxg4 17. Be2 Bxf3 18. Bxf3 Qg5 19. c5 Nh4 20. Qe2 Rf6 21. Bc1 Rg6 22.
g3 Nf6 23. cxd6 cxd6 24. Nb5 Nxf3+ 25. Qxf3 Ng4 26. Nc7 Rc8 27. Ne6 Qh5 28. Qh1
Qxh1+ 29. Kxh1 fxg3 30. fxg3 Nf6 31. Nxg7 Kxg7 32. Rde1 Rxg3 33. Bxh6+ Kxh6 34.
Rxf6+ Kh5 35. Rf2 Rcg8 36. Rf5+ R8g5 37. Rf7 Rg7 38. Rxg7 Rxg7 39. Kh2 Rg4 40.
Re3 Rh4+ 41. Kg2 Rg4+ 42. Kf2 Rf4+ 43. Ke2 Rh4 44. Kd3 Rh2 45. a3 Kg4 46. Kc4
Rh3 47. Rxh3 Kxh3 48. a4 Kg3 49. Kc3 Kf4 50. Kd3 Kf3 51. b5 b6 52. Kc3 Kxe4 53.
Kc4 Kf3 54. Kb4 e4 0-1

[Event "14 ème Open Noel TOUR du ROY"]
[Site "Charleville"]
[Date "2017.12.26"]
[Round "4.12"]
[White "Regnier, Cedric"]
[Black "Vandervorst, Marc"]
[Result "0-1"]
[WhiteElo "1479"]
[BlackElo "1612"]
[PlyCount "34"]
[EventDate "2017.??.??"]

1. d4 g6 2. Nf3 Bg7 3. Nc3 d5 4. e4 dxe4 5. Nxe4 Nf6 6. Nxf6+ exf6 7. Be3 O-O
8. Qd2 c6 9. O-O-O Nd7 10. h4 h5 11. Rg1 Nb6 12. g4 Bxg4 13. Nh2 f5 14. Bh6 Nd5
15. Bxg7 Kxg7 16. f3 Qxh4 17. fxg4 Rh8 0-1

[Event "14 ème Open Noel TOUR du ROY"]
[Site "Charleville"]
[Date "2017.12.26"]
[Round "4.13"]
[White "Habart, Thomas"]
[Black "Jacobs, Georges"]
[Result "0-1"]
[WhiteElo "1450"]
[BlackElo "1602"]
[PlyCount "90"]
[EventDate "2017.??.??"]

1. d4 Nf6 2. Nc3 e6 3. Nf3 Bb4 4. Bd2 d5 5. a3 Bd6 6. g3 O-O 7. Bg2 c6 8. O-O
Qc7 9. b4 Re8 10. b5 Bd7 11. a4 a6 12. Qb1 axb5 13. axb5 Rxa1 14. Qxa1 cxb5 15.
Rb1 b4 16. Na4 Qxc2 17. Nb6 Bc6 18. Bxb4 Bxb4 19. Rxb4 Qxe2 20. Ne5 Qd2 21.
Nxc6 Nxc6 22. Ra4 g6 23. Ra2 Qxd4 24. Qxd4 Nxd4 25. Rb2 Rb8 26. Rd2 Nc6 27. Ra2
d4 28. Ra3 e5 29. Rf3 Kg7 30. Rxf6 d3 31. Rd6 Nd4 32. Nc4 Rc8 33. Ne3 Rc1+ 34.
Bf1 d2 35. Kg2 d1=Q 36. Nxd1 Rxd1 37. f4 Rd2+ 38. Kh1 exf4 39. gxf4 Nf3 40.
Rxd2 Nxd2 41. Bg2 b5 42. Kg1 b4 43. Bd5 b3 44. Bxb3 Nxb3 45. Kf2 f5 0-1

[Event "14 ème Open Noel TOUR du ROY"]
[Site "Charleville"]
[Date "2017.12.26"]
[Round "4.14"]
[White "Flamant, Jacky"]
[Black "Toro, William"]
[Result "1-0"]
[WhiteElo "1587"]
[BlackElo "1440"]
[PlyCount "39"]
[EventDate "2017.??.??"]

1. e4 c5 2. Nf3 d6 3. d4 cxd4 4. Nxd4 Nf6 5. Nc3 g6 6. Be3 Bg7 7. f3 Qc7 8. Qd2
O-O 9. O-O-O Nc6 10. h4 h5 11. Be2 Na5 12. Bh6 Nc4 13. Bxc4 Qxc4 14. Bxg7 Kxg7
15. g4 hxg4 16. h5 Nxh5 17. fxg4 Bxg4 18. Rdg1 Nf6 19. Qh6+ Kg8 20. Qh8# 1-0

[Event "14 ème Open Noel TOUR du ROY"]
[Site "Charleville"]
[Date "2017.12.26"]
[Round "4.15"]
[White "Calaresu, Tony"]
[Black "Charbau, Yanick"]
[Result "0-1"]
[WhiteElo "1344"]
[BlackElo "1553"]
[PlyCount "102"]
[EventDate "2017.??.??"]

1. d4 Nf6 2. Nf3 e6 3. e3 d5 4. Bd3 Be7 5. O-O O-O 6. b3 Nbd7 7. Bb2 a6 8. Nbd2
c5 9. Qe2 b5 10. c4 Qb6 11. Rab1 b4 12. Ne5 Nxe5 13. dxe5 Nd7 14. f4 Bb7 15.
Nf3 dxc4 16. Bxc4 Be4 17. Bd3 Bxd3 18. Qxd3 Rfd8 19. Qe4 Nf8 20. Ng5 Bxg5 21.
fxg5 Rd5 22. Qf3 Ra7 23. Rbd1 Qd8 24. Rxd5 Qxd5 25. Rd1 Qxf3 26. gxf3 Rd7 27.
Rd6 Rxd6 28. exd6 Nd7 29. e4 f6 30. h4 e5 31. Kf2 Kf7 32. Ke3 Ke6 33. f4 Kxd6
34. a3 a5 35. axb4 axb4 36. Bc1 exf4+ 37. Kxf4 fxg5+ 38. hxg5 Ke6 39. Bb2 g6
40. Ke3 Ne5 41. Ke2 Nc6 42. Kd3 Na5 43. Kc2 c4 44. bxc4 Nxc4 45. Bf6 b3+ 46.
Kxb3 Nd2+ 47. Kc2 Nxe4 48. Bd8 Kf5 49. Kd3 Nxg5 50. Ke3 h5 51. Bxg5 Kxg5 0-1

[Event "14 ème Open Noel TOUR du ROY"]
[Site "Charleville"]
[Date "2017.12.26"]
[Round "4.16"]
[White "Raguet, Boris"]
[Black "Laureys, Jo"]
[Result "1-0"]
[WhiteElo "1543"]
[BlackElo "1388"]
[PlyCount "67"]
[EventDate "2017.??.??"]

1. e4 g6 2. d4 Bg7 3. Nc3 d6 4. Be3 c6 5. Qd2 Qc7 6. f3 e5 7. d5 Nd7 8. O-O-O
c5 9. Bb5 a6 10. Bxd7+ Bxd7 11. g4 b5 12. Rf1 b4 13. Nd1 Bb5 14. Rf2 a5 15. Kb1
a4 16. c3 Nf6 17. h4 O-O 18. h5 Rfb8 19. hxg6 fxg6 20. Bh6 Bc4 21. Ne3 bxc3 22.
Qxc3 Ba6 23. Bxg7 Qxg7 24. Nh3 Rb4 25. Ng5 Rab8 26. Rfh2 R8b7 27. Ne6 Qe7 28.
g5 Nh5 29. Rxh5 Rxb2+ 30. Qxb2 Rxb2+ 31. Kxb2 Qb7+ 32. Kc2 Qf7 33. R5h3 Be2 34.
Ng4 1-0

[Event "14 ème Open Noel TOUR du ROY"]
[Site "Charleville"]
[Date "2017.12.26"]
[Round "4.17"]
[White "Cieplucha, Yannis"]
[Black "Menoux, Joachim"]
[Result "0-1"]
[WhiteElo "1110"]
[BlackElo "1525"]
[PlyCount "36"]
[EventDate "2017.??.??"]

1. e4 e6 2. Nc3 d5 3. exd5 exd5 4. d4 Nf6 5. Nf3 Bd6 6. Qe2+ Be7 7. Bg5 O-O 8.
g3 Re8 9. Qd2 c5 10. dxc5 Bxc5+ 11. Ne2 h6 12. Bxf6 Qxf6 13. Bg2 Qxb2 14. O-O
Qb5 15. Nf4 Be6 16. Nxd5 Bxd5 17. Qxd5 Bxf2+ 18. Rxf2 Qxd5 0-1

[Event "14 ème Open Noel TOUR du ROY"]
[Site "Charleville"]
[Date "2017.12.26"]
[Round "4.18"]
[White "Mondeel, Paul"]
[Black "Boudry, Rik"]
[Result "1-0"]
[WhiteElo "1508"]
[BlackElo "1322"]
[PlyCount "55"]
[EventDate "2017.??.??"]

1. e4 d6 2. Nc3 Nf6 3. f4 c6 4. d3 Bg4 5. Be2 Bxe2 6. Qxe2 e6 7. Nf3 Be7 8. O-O
O-O 9. h3 d5 10. e5 Nfd7 11. d4 c5 12. Be3 Nc6 13. a3 a6 14. Na4 Qa5 15. Nxc5
Nxc5 16. b4 Nxb4 17. axb4 Qxb4 18. dxc5 Bxc5 19. Bxc5 Qxc5+ 20. Qf2 Qc4 21. Nd4
f6 22. Nxe6 Rf7 23. exf6 Rxf6 24. Rae1 Re8 25. f5 g6 26. Qg3 Qxc2 27. Qe5 Rxf5
28. Qg7# 1-0

[Event "14 ème Open Noel TOUR du ROY"]
[Site "Charleville"]
[Date "2017.12.26"]
[Round "4.19"]
[White "Toro, Raphael"]
[Black "Rolland, Camille"]
[Result "0-1"]
[WhiteElo "1280"]
[BlackElo "1153"]
[PlyCount "76"]
[EventDate "2017.??.??"]

1. d4 d5 2. Bf4 e6 3. e3 Nc6 4. Bd3 g5 5. Bg3 f5 6. Qh5+ Kd7 7. Nf3 g4 8. Be5
Nf6 9. Bxf6 Qxf6 10. Ng5 Qg6 11. Qxg6 hxg6 12. O-O Bd6 13. g3 Ke7 14. Nc3 Rh5
15. f4 gxf3 16. Nxf3 Bd7 17. Nb5 Rah8 18. Nxd6 cxd6 19. c4 Nb4 20. Be2 dxc4 21.
Bxc4 Nd5 22. Rae1 Bc6 23. Re2 Nf6 24. b3 g5 25. Rff2 Ne4 26. Rf1 g4 27. Nh4 d5
28. Ng6+ Kf6 29. Nxh8 dxc4 30. Rf4 Rxh8 31. h4 gxh3 32. g4 Rg8 33. Rh2 Rxg4+
34. Rxg4 fxg4 35. Kf1 c3 36. Ke2 Bb5+ 37. Kd1 Kg5 38. Rh1 Nf2+ 0-1

[Event "14 ème Open Noel TOUR du ROY"]
[Site "Charleville"]
[Date "2017.12.26"]
[Round "4.20"]
[White "De Andrade, Mathis"]
[Black "Vielle, Eric"]
[Result "1-0"]
[WhiteElo "1299"]
[BlackElo "1250"]
[PlyCount "71"]
[EventDate "2017.??.??"]

1. e4 e5 2. Nf3 Nc6 3. Bc4 Bc5 4. d3 d6 5. Nc3 Nf6 6. Na4 Bb4+ 7. c3 Ba5 8. b4
Bb6 9. O-O Bg4 10. Re1 O-O 11. Nxb6 axb6 12. h3 Bh5 13. Be3 Ne7 14. b5 Ra3 15.
Bb3 Qd7 16. Rb1 Bxf3 17. Qxf3 Qxb5 18. Bxf7+ Rxf7 19. Rxb5 Rxc3 20. Bd2 Rc2 21.
Qd1 Rxa2 22. Re2 Nh5 23. Bg5 Ra8 24. Qb3 Re8 25. Rc2 Ng6 26. Rxc7 Ref8 27. g3
d5 28. Qxd5 h6 29. Be7 Nxe7 30. Rxe7 Nf6 31. Qxb7 Nh5 32. Rxf7 Rxf7 33. Qb8+
Kh7 34. Qxe5 Kg6 35. Rxb6+ Nf6 36. Qf5# 1-0

[Event "14 ème Open Noel TOUR du ROY"]
[Site "Charleville"]
[Date "2017.12.26"]
[Round "4.21"]
[White "Picot, Nathan"]
[Black "Decruyenaere, Pierre-Stephane"]
[Result "1-0"]
[WhiteElo "1203"]
[BlackElo "1255"]
[PlyCount "55"]
[EventDate "2017.??.??"]

1. e4 e5 2. Nf3 Nc6 3. Nc3 Bc5 4. Bc4 d6 5. d3 Bg4 6. h3 Be6 7. Bxe6 fxe6 8.
Ng5 Qf6 9. Nf3 O-O-O 10. Bg5 Qf7 11. Bxd8 Kxd8 12. Qd2 a6 13. O-O-O d5 14. a3
Nge7 15. Na4 Bd6 16. d4 exd4 17. e5 Nxe5 18. Qxd4 N7c6 19. Nxe5 Bxe5 20. Qh4+
g5 21. Qg4 Bf4+ 22. Kb1 h5 23. Qf3 Ne5 24. Qb3 b6 25. g3 Bxg3 26. fxg3 Nc4 27.
Qxc4 Kc8 28. Qxa6+ 1-0

[Event "14 ème Open Noel TOUR du ROY"]
[Site "Charleville"]
[Date "2017.12.26"]
[Round "5.1"]
[White "Joie, Sebastien"]
[Black "Monceau, Etienne"]
[Result "1-0"]
[WhiteElo "2363"]
[BlackElo "1987"]
[PlyCount "61"]
[EventDate "2017.??.??"]

1. d4 d5 2. c4 c6 3. Nf3 Nf6 4. g3 e6 5. Bg2 Bb4+ 6. Bd2 Bd6 7. Qc2 O-O 8. O-O
b6 9. Bg5 Bb7 10. Nbd2 Be7 11. Rfd1 Nbd7 12. Rac1 Rc8 13. Qb1 h6 14. Bxf6 Nxf6
15. e4 dxc4 16. Nxc4 b5 17. Ne3 Qb6 18. b4 a5 19. a3 Rfd8 20. e5 Nd5 21. Ne1
axb4 22. Bxd5 bxa3 23. Ba2 Rxd4 24. Nc4 Qa7 25. Rxd4 Qxd4 26. Rd1 Qa7 27. Rd7
Bf8 28. Nd6 Bxd6 29. exd6 Qb6 30. Bxe6 fxe6 31. Qa1 1-0

[Event "14 ème Open Noel TOUR du ROY"]
[Site "Charleville"]
[Date "2017.12.26"]
[Round "5.2"]
[White "Rouffignac, Tanguy"]
[Black "Van Malder, Dries"]
[Result "1/2-1/2"]
[WhiteElo "2274"]
[BlackElo "2018"]
[PlyCount "117"]
[EventDate "2017.??.??"]

1. e4 c5 2. Nf3 Nc6 3. Nc3 Nf6 4. d4 cxd4 5. Nxd4 d6 6. Bg5 e6 7. Qd2 a6 8.
O-O-O Bd7 9. f4 b5 10. Bxf6 gxf6 11. f5 Qb6 12. fxe6 fxe6 13. Nxc6 Bxc6 14. Qf4
Be7 15. Be2 Qc5 16. Bg4 Bd7 17. Rhf1 h5 18. Bf3 Rc8 19. Qd2 a5 20. Qd4 b4 21.
Qxc5 Rxc5 22. Ne2 Bf8 23. Kb1 Bb5 24. Rf2 Bxe2 25. Bxe2 Ke7 26. Rdf1 Rh6 27.
Rf4 Rg6 28. g3 Bg7 29. Rh4 Rgg5 30. Rf3 Rge5 31. a3 bxa3 32. Rxa3 f5 33. Ra4
fxe4 34. Rhxe4 Rxe4 35. Rxe4 Bf6 36. c3 Kf7 37. b4 axb4 38. cxb4 Re5 39. Rxe5
Bxe5 40. Bxh5+ Ke7 41. Kc2 d5 42. Kd3 Kd6 43. Bf7 Bf6 44. h4 Be5 45. g4 Bg3 46.
h5 Bf4 47. b5 e5 48. b6 Kc6 49. b7 Kxb7 50. Bxd5+ Kc7 51. Ke4 Kd6 52. Bc4 Ke7
53. Kf5 Kf8 54. Kf6 e4 55. Kf5 Bc1 56. Kxe4 Kg7 57. Kf5 Bd2 58. g5 Bxg5 59.
Kxg5 1/2-1/2

[Event "14 ème Open Noel TOUR du ROY"]
[Site "Charleville"]
[Date "2017.12.26"]
[Round "5.3"]
[White "Pytel, Krzysztof"]
[Black "Smailovic, Omer"]
[Result "0-1"]
[WhiteElo "2304"]
[BlackElo "1995"]
[PlyCount "111"]
[EventDate "2017.??.??"]

1. Nf3 d5 2. d4 c6 3. c4 Nf6 4. e3 g6 5. Nc3 Bg7 6. Be2 O-O 7. O-O Bf5 8. Qb3
Qb6 9. Qxb6 axb6 10. cxd5 cxd5 11. Bd2 Nc6 12. Rfc1 Bg4 13. h3 Bxf3 14. Bxf3 e6
15. Nb5 Rfd8 16. Rc2 Bf8 17. a3 h5 18. Rac1 g5 19. Be1 g4 20. Be2 Bh6 21. Kh2
Kh8 22. Rd1 Rd7 23. Rd3 Rg8 24. f3 gxh3 25. gxh3 Ne8 26. f4 Ng7 27. Bf2 f6 28.
Bf3 Nf5 29. Rc1 Rdg7 30. Rdd1 Na5 31. Rg1 Nc4 32. Rxg7 Rxg7 33. Rg1 Ncxe3 34.
Bxe3 Nxe3 35. Rxg7 Bxf4+ 36. Kg1 Kxg7 37. Bxh5 Nc2 38. Be8 Nxd4 39. Nxd4 Be3+
40. Kg2 Bxd4 41. b3 Kf8 42. Bd7 Ke7 43. Bc8 Bb2 44. a4 Kd6 45. Bxb7 f5 46. Bc8
f4 47. Kf3 e5 48. b4 Bc3 49. a5 bxa5 50. bxa5 Bxa5 51. Bf5 Ke7 52. h4 Kf6 53.
Bc2 Bc3 54. h5 e4+ 55. Kg4 f3 56. Bd1 0-1

[Event "14 ème Open Noel TOUR du ROY"]
[Site "Charleville"]
[Date "2017.12.26"]
[Round "5.4"]
[White "Pytel, Bozena"]
[Black "Loiret, Stanislas"]
[Result "0-1"]
[WhiteElo "1882"]
[BlackElo "2225"]
[PlyCount "41"]
[EventDate "2017.??.??"]

1. Nf3 d5 2. d4 c6 3. e3 Bf5 4. c4 e6 5. Nc3 Nd7 6. Bd3 Bg6 7. Qe2 Ngf6 8. O-O
Ne4 9. Bxe4 dxe4 10. Nd2 Nf6 11. f3 exf3 12. Nxf3 Bb4 13. Ne5 O-O 14. Nxg6 hxg6
15. Bd2 Re8 16. Rad1 e5 17. d5 Bc5 18. Na4 Bf8 19. e4 b5 20. cxb5 cxb5 21. Nc3
0-1